<?xml version="1.0" encoding="UTF-8"?>
<record
    xmlns:xsi="http://www.w3.org/2001/XMLSchema-instance"
    xsi:schemaLocation="http://www.loc.gov/MARC21/slim http://www.loc.gov/standards/marcxml/schema/MARC21slim.xsd"
    xmlns="http://www.loc.gov/MARC21/slim">

  <leader>00513nam a22001937a 4500</leader>
  <controlfield tag="005">20260414092914.0</controlfield>
  <controlfield tag="008">260414b        |||||||| |||| 00| 0 eng d</controlfield>
  <datafield tag="020" ind1=" " ind2=" ">
    <subfield code="a">978-81-203-5229-2</subfield>
  </datafield>
  <datafield tag="050" ind1=" " ind2=" ">
    <subfield code="a">HF 5635 .S64 2023</subfield>
  </datafield>
  <datafield tag="100" ind1=" " ind2=" ">
    <subfield code="a">SOFAT, RAJNI</subfield>
  </datafield>
  <datafield tag="245" ind1=" " ind2=" ">
    <subfield code="a">BASIC ACCOUNTING</subfield>
  </datafield>
  <datafield tag="250" ind1=" " ind2=" ">
    <subfield code="a">3RD</subfield>
  </datafield>
  <datafield tag="260" ind1=" " ind2=" ">
    <subfield code="a">DELHI,</subfield>
    <subfield code="b">PHI LEARNING PRIVATED LIMITED,</subfield>
    <subfield code="c">2023</subfield>
  </datafield>
  <datafield tag="300" ind1=" " ind2=" ">
    <subfield code="a">XIX, 695 P, ILL.</subfield>
  </datafield>
  <datafield tag="500" ind1=" " ind2=" ">
    <subfield code="a">INCLUDES BIBLIOGRAPHY AND INDEXS</subfield>
  </datafield>
  <datafield tag="650" ind1=" " ind2=" ">
    <subfield code="a">ACCOUNTING</subfield>
  </datafield>
  <datafield tag="700" ind1=" " ind2=" ">
    <subfield code="a">HIRO, PREETI.</subfield>
  </datafield>
  <datafield tag="942" ind1=" " ind2=" ">
    <subfield code="2">lcc</subfield>
    <subfield code="c">BK</subfield>
  </datafield>
  <datafield tag="999" ind1=" " ind2=" ">
    <subfield code="c">216937</subfield>
    <subfield code="d">216937</subfield>
  </datafield>
  <datafield tag="952" ind1=" " ind2=" ">
    <subfield code="0">0</subfield>
    <subfield code="1">0</subfield>
    <subfield code="2">lcc</subfield>
    <subfield code="4">0</subfield>
    <subfield code="6">HF5635 S64  02023</subfield>
    <subfield code="7">0</subfield>
    <subfield code="8">BUS</subfield>
    <subfield code="9">376720</subfield>
    <subfield code="a">KSUL</subfield>
    <subfield code="b">KSUL</subfield>
    <subfield code="c">DISPLAY</subfield>
    <subfield code="d">2026-04-14</subfield>
    <subfield code="i">112750</subfield>
    <subfield code="l">0</subfield>
    <subfield code="o">HF 5635 .S64 2023</subfield>
    <subfield code="p">a000999</subfield>
    <subfield code="r">2026-04-14 09:30:29</subfield>
    <subfield code="t">1</subfield>
    <subfield code="w">2026-04-14</subfield>
    <subfield code="y">BK</subfield>
  </datafield>
  <datafield tag="952" ind1=" " ind2=" ">
    <subfield code="0">0</subfield>
    <subfield code="1">0</subfield>
    <subfield code="2">lcc</subfield>
    <subfield code="4">0</subfield>
    <subfield code="6">HF5635 S64  02023</subfield>
    <subfield code="7">0</subfield>
    <subfield code="8">BUS</subfield>
    <subfield code="9">376721</subfield>
    <subfield code="a">KSUL</subfield>
    <subfield code="b">KSUL</subfield>
    <subfield code="c">DISPLAY</subfield>
    <subfield code="d">2026-04-14</subfield>
    <subfield code="i">112751</subfield>
    <subfield code="l">0</subfield>
    <subfield code="o">HF 5635 .S64 2023</subfield>
    <subfield code="p">a001002</subfield>
    <subfield code="r">2026-04-14 09:31:20</subfield>
    <subfield code="t">2</subfield>
    <subfield code="w">2026-04-14</subfield>
    <subfield code="y">BK</subfield>
  </datafield>
  <datafield tag="952" ind1=" " ind2=" ">
    <subfield code="0">0</subfield>
    <subfield code="1">0</subfield>
    <subfield code="2">lcc</subfield>
    <subfield code="4">0</subfield>
    <subfield code="6">HF5635 S64  02023</subfield>
    <subfield code="7">0</subfield>
    <subfield code="8">BUS</subfield>
    <subfield code="9">376722</subfield>
    <subfield code="a">KSUL</subfield>
    <subfield code="b">KSUL</subfield>
    <subfield code="c">DISPLAY</subfield>
    <subfield code="d">2026-04-14</subfield>
    <subfield code="i">112752</subfield>
    <subfield code="l">0</subfield>
    <subfield code="o">HF 5635 .S64 2023</subfield>
    <subfield code="p">a001000</subfield>
    <subfield code="r">2026-04-14 09:32:18</subfield>
    <subfield code="t">3</subfield>
    <subfield code="w">2026-04-14</subfield>
    <subfield code="y">BK</subfield>
  </datafield>
  <datafield tag="952" ind1=" " ind2=" ">
    <subfield code="0">0</subfield>
    <subfield code="1">0</subfield>
    <subfield code="2">lcc</subfield>
    <subfield code="4">0</subfield>
    <subfield code="6">HF5635 S64  02023</subfield>
    <subfield code="7">0</subfield>
    <subfield code="8">SCT</subfield>
    <subfield code="9">376723</subfield>
    <subfield code="a">KSUL</subfield>
    <subfield code="b">KSUL</subfield>
    <subfield code="c">DISPLAY</subfield>
    <subfield code="d">2026-04-14</subfield>
    <subfield code="i">112753</subfield>
    <subfield code="l">0</subfield>
    <subfield code="o">HF 5635 .S64 2023</subfield>
    <subfield code="p">a001252</subfield>
    <subfield code="r">2026-04-14 09:33:48</subfield>
    <subfield code="t">4</subfield>
    <subfield code="w">2026-04-14</subfield>
    <subfield code="y">BK</subfield>
  </datafield>
</record>
